| 000 | 01005cam a22003132 4500 | ||
|---|---|---|---|
| 999 |
_c80489 _d80489 |
||
| 001 | 1111498822 | ||
| 003 | DE-627 | ||
| 005 | 20201230092455.0 | ||
| 007 | tu | ||
| 008 | 941014s1973 xx ||||| 00| ||ger c | ||
| 035 | _a(DE-627)1111498822 | ||
| 035 | _a(DE-576)041498828 | ||
| 035 | _a(DE-599)BSZ041498828 | ||
| 035 | _a(OCoLC)73050044 | ||
| 040 |
_aDE-627 _bger _cDE-627 _erakwb _dSTAFF |
||
| 041 | _ager | ||
| 084 |
_aDX 4740 _2rvk _0(DE-625)rvk/20339:267 |
||
| 100 | 1 |
_aBrückner, Heinrich _d1928- _0(DE-588)105137286 _0(DE-627)582061857 _0(DE-576)160450586 _4aut |
|
| 245 | 1 | 0 |
_aBevor ein Kind geboren wird _cHeinrich Brückner. [Ill. Gerhard Preuß] |
| 250 | _a7. Aufl. | ||
| 264 | 1 |
_aBerlin _bKinderbuchverlag _c1973 |
|
| 300 |
_a62 S. _bIll. |
||
| 336 |
_aText _btxt _2rdacontent |
||
| 337 |
_aohne Hilfsmittel zu benutzen _bn _2rdamedia |
||
| 338 |
_aBand _bnc _2rdacarrier |
||
| 500 | _aErläuterungen u.d.T.: Brückner, Heinrich: Wenn dein Kind dich fragt | ||
| 951 | _aBO | ||
| 942 |
_2z _cB |
||